000 00874cab a22002055a 4500
001 L144410
008 080717s2008 xxk f 000 0 eng d
035 _a(Sirsi) u144410
041 0 _aeng
100 1 _aAshman, Kevin
245 0 0 _aREIT then, what's a PAIF?
260 _c2008
490 0 _aLovells Real Estate Quarterly
_vSummer 2008
520 _aReports that the property authorised investment fund (PAIF) was launched in the UK in April 2008. A PAIF is an open-ended investment company which has chosen to join the PAIF regime by giving notice to HMRC. Explains what it is and how it affects property tax. Covers: definition; drawbacks; advantages.
590 _aKA
650 2 4 _aPROPERTY AUTHORISED INVESTMENT FUND (PAIF)
651 4 _aUnited Kingdom
_y
690 _aPROPERTY-PROPERTY FINANCE AND INVESTMENT-PROPERTY AUTHORISED INVESTMENT FUND
942 _n0
999 _c80460
_d80460